• 首页
  • 本馆介绍
  • 公告通知
  • 最新文献
  • 馆藏检索
  • 电子资源
  • 读者导购
  • 参考咨询
  • 我的图书馆
  • 登录
  • 详细信息显示
  • 放入我的书架
  • 预约/预借图书
  • 作者相关作品
  • 分类相关作品
  • 丛书相关作品
  • 出版社相关作品

书目信息

  • 表格格式
  • 工作单格式
  • 卡片格式
题名:
广播非线性编辑
    
 
作者: 俞锫 , 杨亦然 编著
分册:  
出版信息: 北京   中国传媒大学出版社  2009
页数: 167页
开本: 26cm
丛书名:
单 册:
中图分类: G222.1 , TN931.1
科图分类:
主题词: 数字技术--应用--广播节目--编辑工作--教材 , 数字技术 , 广播节目 , 编辑工作
电子资源:
ISBN: 978-7-81127-425-7
000 01042nam0 2200301 45
001 1050906687
005 20100416085100.90
010    @a978-7-81127-425-7@dCNY28.00
100    @a20100409d2009 em y0chiy50 ea
101 0  @achi
102    @aCN@b110000
105    @ay z 000yy
106    @ar
200 1  @a广播非线性编辑@AGuang Bo Fei Xian Xing Bian Ji@f俞锫,杨亦然编著@FYu Pei, Yang Yi Ran Bian Zhu
210    @a北京@c中国传媒大学出版社@d2009
215    @a167页@d26cm
300    @a广播电视与新媒体系列实验教材/房颖,李俊梅,薛玉田主编
330    @a本书以目前我国广播电台中应用较为广泛的自动化播出系统Link2000为例,介绍了各种广播非线性编辑的基本原理与操作,内容涉及广播节目的录制、管理和播出的各个方面。
606 0  @a数字技术@x应用@x广播节目@x编辑工作@j教材
606 0  @a数字技术
606 0  @a广播节目
606 0  @a编辑工作
690    @aG222.1@v4
690    @aTN931.1@v4
701  0 @a俞锫@AYu Pei@4编著
701  0 @a杨亦然@AYang Yi Ran@4编著
801  0 @aCN@bTANGWEI@c20100416
905    @b0591633-37@dG222.1@e103@f5
    
    广播非线性编辑/俞锫,杨亦然编著.-北京:中国传媒大学出版社,2009
    167页;26cm
    广播电视与新媒体系列实验教材/房颖,李俊梅,薛玉田主编
    
    ISBN 978-7-81127-425-7:CNY28.00
    本书以目前我国广播电台中应用较为广泛的自动化播出系统Link2000为例,介绍了各种广播非线性编辑的基本原理与操作,内容涉及广播节目的录制、管理和播出的各个方面。
●
相关链接 在E读中查询图书 在五车中查询图书 在当当中查询图书 在豆瓣中查询图书


正题名:广播非线性编辑     索取号:G222.1/103         预约/预借

序号 登录号 条形码 馆藏地/架位号 状态 备注
1 0591633   205916339   第一样本阅览室/ [索取号:G222.1/103] 在馆    
2 0591634   205916348   第四借阅区/ [索取号:G222.1/103] 在馆    
3 0591635   205916357   第四借阅区/ [索取号:G222.1/103] 在馆    
4 0591636   205916366   第四借阅区/ [索取号:G222.1/103] 在馆    
5 0591637   205916375   第四借阅区/ [索取号:G222.1/103] 在馆    
唐山师范学院图书馆 欢迎您!
大连网信软件有限公司© 版权所有